Applied biopharmaceutics & pharmacokinetics / (Record no. 5145)
[ view plain ]
| 000 -LEADER | |
|---|---|
| fixed length control field | 00845nam a2200289 a 4500 |
| 001 - CONTROL NUMBER | |
| control field | 18821 |
| 003 - CONTROL NUMBER IDENTIFIER | |
| control field | BD-DhUAP |
| 005 - DATE AND TIME OF LATEST TRANSACTION | |
| control field | 20201205150201.0 |
| 008 - FIXED-LENGTH DATA ELEMENTS--GENERAL INFORMATION | |
| fixed length control field | 201201s2008 nyua 001 0 eng |
| 020 ## - INTERNATIONAL STANDARD BOOK NUMBER | |
| International Standard Book Number | 9780071603935 |
| 020 ## - INTERNATIONAL STANDARD BOOK NUMBER | |
| International Standard Book Number | 007160393X |
| 040 ## - CATALOGING SOURCE | |
| Original cataloging agency | BD-DhAAL |
| Transcribing agency | BD-DhAAL |
| 082 04 - DEWEY DECIMAL CLASSIFICATION NUMBER | |
| Classification number | 615.7 SHA |
| Edition number | 23 |
| 100 ## - MAIN ENTRY--PERSONAL NAME | |
| Personal name | Shargel, Leon. |
| 245 ## - TITLE STATEMENT | |
| Title | Applied biopharmaceutics & pharmacokinetics / |
| Statement of responsibility, etc. | Leon Shargel, Susanna Wu-Pong and Andrew B. C. Yu. |
| 250 ## - EDITION STATEMENT | |
| Edition statement | 6th ed. |
| 260 ## - PUBLICATION, DISTRIBUTION, ETC. | |
| Place of publication, distribution, etc. | New York : |
| Name of publisher, distributor, etc. | McGraw-Hill, |
| Date of publication, distribution, etc. | c2012. |
| 300 ## - PHYSICAL DESCRIPTION | |
| Extent | xviii, 811 pages : |
| Other physical details | illustrations ; |
| Dimensions | 24 cm. |
| 500 ## - GENERAL NOTE | |
| General note | International edition. |
| 504 ## - BIBLIOGRAPHY, ETC. NOTE | |
| Bibliography, etc. note | Includes index. |
| 650 ## - SUBJECT ADDED ENTRY--TOPICAL TERM | |
| Topical term or geographic name entry element | Pharmacokinetics. |
| 650 ## - SUBJECT ADDED ENTRY--TOPICAL TERM | |
| Topical term or geographic name entry element | Biopharmaceutics. |
| 650 ## - SUBJECT ADDED ENTRY--TOPICAL TERM | |
| Topical term or geographic name entry element | Chemical models. |
| 700 ## - ADDED ENTRY--PERSONAL NAME | |
| Personal name | Wu-Pong, Susanna. |
| 700 ## - ADDED ENTRY--PERSONAL NAME | |
| Personal name | Yu, Andrew B. C. |
| 942 ## - ADDED ENTRY ELEMENTS (KOHA) | |
| Source of classification or shelving scheme | |
| Koha item type | Book |
| Withdrawn status | Lost status | Source of classification or shelving scheme | Damaged status | Not for loan | Permanent Location | Current Location | Shelving location | Date acquired | Total Checkouts | Total Renewals | Full call number | Barcode | Date last seen | Date last checked out | Copy number | Price effective from | Koha item type | Date due |
|---|---|---|---|---|---|---|---|---|---|---|---|---|---|---|---|---|---|---|
| UAP Central Library | UAP Central Library | General Stacks | 2020-12-02 | 3 | 2 | 615.7 SHA | 3010018821 | 2024-10-16 | 2023-08-01 | 1 | 2020-12-02 | Book | ||||||
| UAP Central Library | UAP Central Library | General Stacks | 2020-12-05 | 9 | 11 | 615.7 SHA | 3010018814 | 2026-03-29 | 2026-02-16 | 2 | 2020-12-05 | Book | ||||||
| UAP Central Library | UAP Central Library | General Stacks | 2020-12-05 | 8 | 8 | 615.7 SHA | 3010018822 | 2026-03-08 | 2026-02-19 | 3 | 2020-12-05 | Book | ||||||
| UAP Central Library | UAP Central Library | General Stacks | 2020-12-05 | 12 | 7 | 615.7 SHA | 3010018824 | 2025-04-28 | 2025-03-13 | 4 | 2020-12-05 | Book | ||||||
| UAP Central Library | UAP Central Library | General Stacks | 2020-12-05 | 5 | 8 | 615.7 SHA | 3010018823 | 2026-04-06 | 2026-03-25 | 5 | 2020-12-05 | Book | ||||||
| UAP Central Library | UAP Central Library | General Stacks | 2020-12-05 | 6 | 4 | 615.7 SHA | 3010018817 | 2025-02-19 | 2023-08-09 | 6 | 2020-12-05 | Book | ||||||
| UAP Central Library | UAP Central Library | General Stacks | 2020-12-05 | 13 | 5 | 615.7 SHA | 3010018815 | 2026-05-21 | 2026-04-16 | 7 | 2020-12-05 | Book | ||||||
| UAP Central Library | UAP Central Library | General Stacks | 2020-12-05 | 15 | 12 | 615.7 SHA | 3010018826 | 2026-04-20 | 2026-02-23 | 8 | 2020-12-05 | Book | ||||||
| UAP Central Library | UAP Central Library | General Stacks | 2020-12-05 | 11 | 7 | 615.7 SHA | 3010018819 | 2025-08-30 | 2025-07-15 | 9 | 2020-12-05 | Book | ||||||
| UAP Central Library | UAP Central Library | General Stacks | 2020-12-05 | 12 | 15 | 615.7 SHA | 3010018820 | 2026-03-29 | 2026-01-27 | 10 | 2020-12-05 | Book | ||||||
| UAP Central Library | UAP Central Library | General Stacks | 2020-12-05 | 6 | 5 | 615.7 SHA | 3010018828 | 2026-04-07 | 2026-02-23 | 11 | 2020-12-05 | Book | ||||||
| UAP Central Library | UAP Central Library | General Stacks | 2020-12-06 | 18 | 23 | 615.7 SHA | 3010018816 | 2026-04-12 | 2026-04-12 | 12 | 2020-12-06 | Book | 2026-05-25 | |||||
| UAP Central Library | UAP Central Library | General Stacks | 2021-02-02 | 8 | 8 | 615.7 SHA | 3010018827 | 2026-02-23 | 2026-02-23 | 13 | 2021-02-02 | Book | 2026-03-09 |
Bengali Keyboard